Il problema del Mediterraneo nel risorgimento
Saved in:
| Main Authors: | , |
|---|---|
| 格式: | 圖書 |
| 語言: | 意大利语 |
| 出版: |
Milán
Dottor Francesco Vallardi
1948
|
| 主題: | |
| 標簽: |
添加標簽
沒有標簽, 成為第一個標記此記錄!
|
MARC
| LEADER | 00000nam a2200000 a 4500 | ||
|---|---|---|---|
| 001 | UCO2379 | ||
| 003 | CL-VaPUC | ||
| 008 | 000602e19480000IT |||||||||||||||||ita|d | ||
| 082 | 0 | 4 | |a 940.21 |b BAR |2 21 |
| 100 | 0 | |a Barbieri, Federico |e author |9 445537 | |
| 700 | 0 | |a Visconti, Dante |e author |9 445538 | |
| 245 | 1 | 3 | |a Il problema del Mediterraneo nel risorgimento |
| 300 | |a 246 p | ||
| 942 | |c BK | ||
| 945 | |d 20000602 00:00:00 |a rherrera | ||
| 260 | |a Milán |b Dottor Francesco Vallardi |c 1948 | ||
| 650 | 0 | |a Historia de Europa |9 376266 | |
| 650 | 0 | |a Renacimiento |9 255107 | |
| 651 | 7 | |a MEDITERRANEO |2 CL-VaPUC |9 269643 | |
| 583 | |a last modification |c 20160817 01:08:04 |k Rodrigo Vera | ||
| 999 | |c 288913 |d 288911 | ||
| 952 | |0 0 |1 0 |4 0 |6 940_210000000000000_BAR_1948 |7 0 |8 X |9 336890 |a BIBHIS |b BIBHIS |d 2019-11-20 |i 1285912 |o 940.21 BAR 1948 |p 1285912 |r 2024-01-30 |w 2019-11-20 |y BK_X |k HIS | ||